| 000 | 00568nam a22002177a 4500 | ||
|---|---|---|---|
| 003 | OSt | ||
| 005 | 20250816132450.0 | ||
| 008 | 250816b |||||||| |||| 00| 0 eng d | ||
| 020 | _a9788189770204 | ||
| 037 |
_a6218 _bBharati Madhyavarti Sahakari Grahak Bhandar Pune |
||
| 040 | _c1 | ||
| 041 | _aeng | ||
| 082 |
_a342.02 _bGUP |
||
| 100 | _aGupta R C | ||
| 245 |
_aIndian Political Thought _cGupta R C |
||
| 250 | _a8th | ||
| 260 |
_aAgra _bLakshmi Narain Agarwal _c2023 |
||
| 300 | _a205;xi;xxvii;Lxxx | ||
| 650 | _aPolitical Science | ||
| 942 |
_2ddc _cTB _n0 |
||
| 999 |
_c1212372 _d1212372 |
||